| 000 | 00813nam a2200253 i 4500 | ||
|---|---|---|---|
| 003 | DO-SdBNP | ||
| 005 | 20240826151914.0 | ||
| 007 | ta | ||
| 008 | 240826b1992 pr a|||| |||| 00| 0 spa d | ||
| 040 |
_aDO-SdBNP _bspa _cBNPHU _erda |
||
| 082 | 4 | _222 | |
| 100 |
_aVázquez, Irma Nydia, _eautor _986414 |
||
| 245 | 1 | 0 |
_aDesnudez / _bIrma Nydia Vázquez ; prólogo, José Cataluña |
| 264 |
_aPuerto Rico : _bEditorial Raíces, _c1992. |
||
| 300 |
_a152 páginas : _bilustraciones ; _c22 cm. |
||
| 336 |
_2rdacontent _atexto _btxt |
||
| 337 |
_2rdamedia _asin mediación _bn |
||
| 338 |
_2rdacarrier _avolumen _bnc |
||
| 500 | _aIncluye datos biográficos del autor en la contracubierta | ||
| 590 | _aInventariado, 2024/BT | ||
| 700 | 1 |
_aCataluña, José, _eprólogo _986415 |
|
| 910 | _aBtavárez | ||
| 942 |
_2ddc _cLBS1 |
||
| 999 |
_c57552 _d57552 |
||